• 首页
  • 本馆介绍
  • 公告通知
  • 最新文献
  • 馆藏检索
  • 电子资源
  • 读者导购
  • 参考咨询
  • 我的图书馆
  • 登录
  • 详细信息显示
  • 放入我的书架
  • 预约/预借图书
  • 作者相关作品
  • 分类相关作品
  • 丛书相关作品
  • 出版社相关作品

书目信息

  • 表格格式
  • 工作单格式
  • 卡片格式
题名:
拓扑实验
    
 
作者: 巴尔 , Barr 著 ;许明 译
分册:  
出版信息: 上海   上海教育出版社  2002
页数: 151页
开本: 21cm
丛书名: 通俗数学名著译丛
单 册:
中图分类: O189-49
科图分类:
主题词: 拓扑--普及读物 , CT--S076585--拓扑 , 几何 , 拓扑
电子资源:
ISBN: 7-5320-7862-0
000 01052nam0 2200349 45
001 012002038567
005 20031219104114.0
010    @a7-5320-7862-0@dCNY11.40
100    @a20020508d2002 em y0chiy0110 ea
101 1  @achi@ceng
102    @aCN@b310000
105    @ay z 001yy
106    @ar
200 1  @a拓扑实验@9tuo pu shi yan@f(美)斯蒂芬·巴尔(Stephen Barr)著@g许明译
210    @a上海@c上海教育出版社@d2002
215    @a151页@d21cm
225 2  @a通俗数学名著译丛
300    @a国家自然科学基金委员会数学天元基金的资助
305    @a据多佛出版社1989年版译出
330    @a本书简明地阐述了地图着色的原理、哥尼斯堡桥的经典问题及其他拓扑学的方方面面。
461  0 @12001 @a通俗数学名著译丛
510 1  @aExperiments in Topology@zeng
606 0  @a拓扑@j普及读物
606 0  @2CT@3S076585@a拓扑
606 0  @a几何
606 0  @a拓扑
690    @aO189-49@v4
701  1 @a巴尔@9ba er@bS.@4著
701  1 @aBarr@bStephen@4著
702  0 @a许明@9xu ming@4译
801    @aCN@bTSTC@c20030909
905    @b324701-705@dO189-49@e30@f5
    
    拓扑实验/(美)斯蒂芬·巴尔(Stephen Barr)著/许明译.-上海:上海教育出版社,2002
    151页;21cm.-(通俗数学名著译丛)
    国家自然科学基金委员会数学天元基金的资助
    
    ISBN 7-5320-7862-0:CNY11.40
    本书简明地阐述了地图着色的原理、哥尼斯堡桥的经典问题及其他拓扑学的方方面面。
●
相关链接 在E读中查询图书 在五车中查询图书 在当当中查询图书 在豆瓣中查询图书


正题名:拓扑实验     索取号:O189-49/30         预约/预借

序号 登录号 条形码 馆藏地/架位号 状态 备注
1 0324701   203247012   第三借阅区/ [索取号:O189-49/30] 在馆    
2 0324702   203247021   第三借阅区/ [索取号:O189-49/30] 在馆    
3 0324703   203247030   第三借阅区/ [索取号:O189-49/30] 在馆    
4 0324704   203247049   第三借阅区/ [索取号:O189-49/30] 在馆    
5 0324705   203247058   第二样本阅览室/ [索取号:O189-49/30] 在馆    
唐山师范学院图书馆 欢迎您!
大连网信软件有限公司© 版权所有